| 000 | 00689nam a22001937a 4500 | ||
|---|---|---|---|
| 003 | OSt | ||
| 005 | 20250829061229.0 | ||
| 008 | 250829b |||||||| |||| 00| 0 eng d | ||
| 020 | _a0-8146-2926-1 | ||
| 040 |
_aDWC-Main Lib _cOC |
||
| 082 | _aFil. 261.83 A667s 2007 | ||
| 100 | _aArbuckle, Gerald A. | ||
| 245 |
_aViolence, society and the church : _ba cultural approach/ _cGerald A. Arbuckle |
||
| 260 |
_aQuezon City, Philippines : _bClaretin Publication, _cc2007. |
||
| 300 |
_axx, 252 pages : _billustrations ; _c22cm. |
||
| 504 | _aIncludes bibliographical references and index. | ||
| 650 | _a1. Violence ---Religious aspects ---Catholic Church. | ||
| 942 |
_2ddc _cBK - FIL _n0 _kFil. |
||
| 999 |
_c4323 _d4323 |
||